Famous Soviets and RFSR members by image - Statistics

General Stats
  • This quiz has been taken 31 times
  • The average score is 12 of 26
Answer Stats
Picture Answer % Correct
Joseph Stalin
100%
Vladimir Lenin
100%
Boris Yeltsin
96%
Mikhail Gorbachev
96%
Leonid Brezhnev
92%
Yuri Gagarin
92%
Nikita Khrushchev
88%
Vladimir Putin
88%
Georgy Zhukov
73%
Leon Trotsky
73%
Georgy Malenkov
58%
Vyacheslav Molotov
58%
Konstantin Chernenko
54%
Yuri Andropov
54%
Valentina Tereshkova
31%
Alexei Leonov
15%
Kliment Voroshilov
15%
Alexei Kosygin
12%
Ivan Pavlov
8%
Nikita Mikhalkov
8%
Semyon Budyonny
8%
Vasily Zaitsev
8%
Anatoly Sobchak
4%
Maya Plisetskaya
4%
Mikhail Kalinin
4%
Sergei Korolev
4%
No matching quizzes found
Score Distribution
Percent of People with Each Score
Percentile by Number Answered
Your Score History
You have not taken this quiz